| 000 | 01358aam a2200337 4500 | ||
|---|---|---|---|
| 001 | 20429 | ||
| 003 | CO-MdFUSB | ||
| 005 | 20180622072743.0 | ||
| 008 | 170526t2006 enk||||f |||| 00| 0 eng d | ||
| 020 | _a0-334-04105-8 | ||
| 040 |
_aCO-MdFUSB _bspa _cCO-MdFUSB _dCO-MdFUSB _erda |
||
| 041 | _aeng | ||
| 082 |
_224 _aG 220.12 _bD916c |
||
| 100 | 1 |
_aDungan, David L. _eautor |
|
| 245 | 1 | 0 |
_aConstantine's Bible _b: Politics and the making of the New Testament _c/ David L. Dungan |
| 264 | 1 |
_aLondon, England: _bscm press, _c℗[2006] |
|
| 264 | 4 | _c©2006 | |
| 300 |
_axii, 224 páginas _b: _c22 cm. |
||
| 336 |
_2rdacontent _a1 _ba1 |
||
| 337 |
_2rdamedia _a2 _b5 |
||
| 338 |
_2rdacarrier _a2 _b5 |
||
| 500 | _aIncluye índices (p. 215- 224) | ||
| 504 | _aBibliografía (p. 211- 214) | ||
| 505 | 0 | 0 | _aLo que un canon de las Escrituras es y lo que no es -- La polis griega y la demanda de precisión - la ideología polis griega en el cristianismo primitivo - la influencia de la filosofía griega en el cristianismo primitivo - contra los paganos y herejes - Constantine re-modela el cristianismo católico y las escrituras |
| 563 | _aRústico | ||
| 600 | 0 | 0 |
_aEusebio de Cesarea _cObispo de Cesarea _dc.d. 260 - 340 |
| 630 | 0 | 7 |
_aBiblia _xCanon |
| 650 | 0 |
_9360 _aBiblia _bEvidencias, autoridad, etc. |
|
| 942 | _cBK | ||
| 999 |
_c46780 _d46780 |
||